| 000 | 01034nam a22002417a 4500 | ||
|---|---|---|---|
| 003 | PE SENCICO BE | ||
| 005 | 20251020182646.0 | ||
| 008 | 231113b |||||||| |||| 00| 0 eng d | ||
| 040 |
_aPE SENCICO BE _cPE SENCICO BE |
||
| 041 | _aspa | ||
| 084 |
_aI _aDIB _a2012 _bB38 |
||
| 100 | 1 |
_91778 _aBendezu Tito, Mirta Juliana _eautor |
|
| 245 | 1 |
_aSimbología y normatividad para habilitaciones urbanas, urbanizaciones y lotizaciones / _cMirta Juliana Bendezu Tito |
|
| 260 |
_aLima : _c2012 |
||
| 300 |
_a79 h. : _bil. col., tabls. ; _c30 cm. |
||
| 502 | _aMonografía de Titulación.-- Servicio Nacional de Capacitación para la Industria de la Construcción. Escuela Superior Técnica. Carrera Profesional Técnica en Dibujo en Construcción Civil, 2012. | ||
| 650 | 1 | 0 |
_9528 _aPlanificación urbana |
| 650 | 2 | 0 |
_9762 _aDiseño urbano |
| 650 | 2 | 0 |
_91779 _aUrbanización |
| 710 | 1 |
_aServicio Nacional de Capacitación para la Industria de la Construcción. _bEscuela Superior Técnica _91065 |
|
| 910 |
_bhfp _chfp |
||
| 942 | _cMON | ||
| 999 |
_c4434 _d4434 |
||